[Event "Begonia op 49th"]
[Site "Ballarat"]
[Date "2015.03.07"]
[Round "6"]
[White "Kerr, Bill"]
[Black "Yang, Ray"]
[Result "1-0"]
[WhiteElo "2053"]
[BlackElo "1914"]
[PlyCount "87"]
[EventDate "2015.03.07"]
[EventType "swiss"]
[EventRounds "7"]
[EventCountry "AUS"]
[SourceTitle "EXT 2019"]
[Source "ChessBase"]
[SourceDate "2018.10.10"]
[SourceVersion "1"]
[SourceVersionDate "2018.10.10"]
[SourceQuality "1"]

1. f4 d5 2. Nf3 Nf6 3. g3 g6 4. Bg2 Bg7 5. d3 c6 6. Nc3 Bf5 7. Nh4 Qa5 8. Bd2 Qb6 9. e4 dxe4 10. dxe4 Bg4 11. Qc1 Nh5 12. e5 Be6 13. Be3 Qc7 14. Bf3 Qd7 15. Qd1 Qxd1+ 16. Rxd1 Bh6 17. Ne2 f5 18. h3 Rf8 19. b3 Na6 20. c4 Nb4 21. Rd2 Rd8 22. Rxd8+ Kxd8 23. Kd2 Kc7 24. Bxh5 gxh5 25. Bc5 Rd8+ 26. Kc3 Nxa2+ 27. Kc2 a5 28. Nd4 Nb4+ 29. Kc3 Bc8 30. Bxe7 Na2+ 31. Kd3 Rg8 32. Bd6+ Kd8 33. Nhxf5 Bf8 34. Bxf8 Rxf8 35. g4 c5 36. Nb5 Bxf5+ 37. gxf5 Rxf5 38. Ke4 Rf8 39. Rg1 Rf7 40. e6 Re7 41. f5 Nb4 42. Rg8+ Re8 43. Rxe8+ Kxe8 44. f6 1-0

[Event "Adelaide Labour Day op"]
[Site "Adelaide"]
[Date "2010.10.03"]
[Round "6"]
[White "Gupta, Aashray"]
[Black "Kerr, Bill"]
[Result "0-1"]
[WhiteElo "1087"]
[BlackElo "1833"]
[PlyCount "66"]
[EventDate "2010.10.02"]
[EventType "swiss"]
[EventRounds "6"]
[EventCountry "AUS"]
[SourceTitle "EXT 2023"]
[Source "ChessBase"]
[SourceDate "2022.10.05"]
[SourceVersion "1"]
[SourceVersionDate "2022.10.05"]
[SourceQuality "1"]

1. e4 d5 2. exd5 Nf6 3. Nc3 Nxd5 4. Nxd5 Qxd5 5. Qf3 c6 6. Qxd5 cxd5 7. Bb5+ Nc6 8. Nf3 Bf5 9. d3 f6 10. Nd4 Bd7 11. Be3 Nxd4 12. Bxd7+ Kxd7 13. Bxd4 e5 14. Be3 d4 15. Bd2 Rc8 16. Rc1 Rc6 17. f4 exf4 18. Bxf4 Bb4+ 19. Bd2 Re8+ 20. Kd1 Bd6 21. h3 Rb6 22. b3 Bg3 23. Be1 Bf4 24. Bd2 Bg3 25. Be1 Re3 26. Bd2 Re5 27. Be1 Rg5 28. Bd2 Rg6 29. Ke2 h5 30. Rcf1 h4 31. Rfg1 Rb5 32. Be1 Re5+ 33. Kf3 Re3# 0-1

[Event "Adelaide Labour Day op"]
[Site "Adelaide"]
[Date "2010.10.02"]
[Round "1"]
[White "Kerr, Bill"]
[Black "O'Rourke, Kevin"]
[Result "1-0"]
[WhiteElo "1833"]
[BlackElo "1177"]
[PlyCount "79"]
[EventDate "2010.10.02"]
[EventType "swiss"]
[EventRounds "6"]
[EventCountry "AUS"]
[SourceTitle "EXT 2023"]
[Source "ChessBase"]
[SourceDate "2022.10.05"]
[SourceVersion "1"]
[SourceVersionDate "2022.10.05"]
[SourceQuality "1"]

1. Nf3 d5 2. g3 c5 3. Bg2 e6 4. 0-0 Nf6 5. d3 Be7 6. Nbd2 b6 7. e4 Bb7 8. e5 Nfd7 9. Re1 Nc6 10. c3 Qc7 11. Qe2 Ba6 12. a3 g5 13. g4 0-0-0 14. Rb1 h5 15. h3 hxg4 16. hxg4 Rdg8 17. b4 Bb7 18. Nb3 Nf8 19. bxc5 bxc5 20. d4 c4 21. Nbd2 Ng6 22. Nf1 Nh4 23. Nxh4 gxh4 24. Bh3 Na5 25. Bf4 Bc6 26. Nd2 Ba4 27. Bh2 Nb3 28. Nxb3 Bxb3 29. f4 Kd7 30. Kh1 Qa5 31. Qd2 Qa4 32. Rec1 Rb8 33. f5 Rb6 34. Rf1 Rg8 35. fxe6+ fxe6 36. Rf7 Rf8 37. Rbf1 Rbb8 38. g5 Qxa3 39. g6 Rxf7 40. gxf7 1-0

[Event "Pennant-chT"]
[Site "Adelaide"]
[Date "2010.09.14"]
[Round "1.1"]
[White "Srdic, Goran"]
[Black "Kerr, Bill"]
[Result "1-0"]
[WhiteElo "1988"]
[BlackElo "1833"]
[PlyCount "89"]
[EventDate "2010.09.14"]
[EventType "team-tourn"]
[EventRounds "7"]
[EventCountry "AUS"]
[SourceTitle "EXT 2023"]
[Source "ChessBase"]
[SourceDate "2022.10.05"]
[SourceVersion "1"]
[SourceVersionDate "2022.10.05"]
[SourceQuality "1"]

1. e4 Nc6 2. Nf3 d6 3. d4 Nf6 4. Nc3 Bg4 5. d5 Ne5 6. Be2 Nxf3+ 7. gxf3 Bd7 8. Be3 g6 9. Qd2 c6 10. 0-0-0 cxd5 11. h4 Qa5 12. Kb1 Bg7 13. Bh6 Bxh6 14. Qxh6 dxe4 15. Bc4 Be6 16. Bb5+ Kd8 17. Ba4 Rc8 18. Bb3 exf3 19. Rhe1 Bxb3 20. axb3 Kd7 21. Qg7 Rhf8 22. Rxe7+ Kxe7 23. Re1+ Kd7 24. Qxf6 Rce8 25. Rd1 Re6 26. Qg7 Rfe8 27. Qxf7+ R8e7 28. Qf4 Re5 29. Qf6 Qc5 30. Qxf3 Qc6 31. Nd5 Rf5 32. Qh3 Re2 33. Ne3 Kc7 34. Nc4 Rfxf2 35. Qc3 Rxc2 36. Qa5+ b6 37. Qxa7+ Qb7 38. Qa3 d5 39. Qd6+ Kc8 40. Rxd5 Qc7 41. Qe6+ Kb8 42. Qe8+ Kb7 43. Rd7 Rxc4 44. bxc4 Rf1+ 45. Ka2 1-0

[Event "Adelaide Lidums op"]
[Site "Adelaide"]
[Date "2010.07.04"]
[Round "6"]
[White "Zulfic, Fedja"]
[Black "Kerr, Bill"]
[Result "1/2-1/2"]
[WhiteElo "1935"]
[BlackElo "1793"]
[PlyCount "58"]
[EventDate "2010.07.03"]
[EventType "swiss"]
[EventRounds "7"]
[EventCountry "AUS"]
[SourceTitle "EXT 2018"]
[Source "ChessBase"]
[SourceDate "2017.10.13"]
[SourceVersion "1"]
[SourceVersionDate "2017.10.13"]
[SourceQuality "1"]

1. d4 f5 2. c4 Nf6 3. Nf3 g6 4. g3 Bg7 5. Bg2 d6 6. 0-0 0-0 7. Nc3 Qe8 8. d5 Na6 9. Be3 h6 10. Rb1 c5 11. a3 g5 12. Ne1 Ng4 13. Qc1 Nc7 14. h3 Ne5 15. b3 f4 16. gxf4 gxf4 17. Bxf4 Qh5 18. Qe3 Ng6 19. Bg3 Bxh3 20. b4 Bf5 21. Rb3 cxb4 22. axb4 Ne5 23. c5 Nc4 24. Qc1 b5 25. Nxb5 Nxb5 26. Qxc4 Nd4 27. Re3 Qf7 28. cxd6 Rfd8 29. Qa2 exd6 1/2-1/2

[Event "Adelaide Interclub-A"]
[Site "Adelaide"]
[Date "2010.05.11"]
[Round "2.2"]
[White "Paprzycki, Eryk"]
[Black "Kerr, Bill"]
[Result "1/2-1/2"]
[WhiteElo "1645"]
[BlackElo "1831"]
[PlyCount "80"]
[EventDate "2010.05.04"]
[EventType "team-tourn"]
[EventRounds "9"]
[EventCountry "AUS"]
[SourceTitle "EXT 2023"]
[Source "ChessBase"]
[SourceDate "2022.10.05"]
[SourceVersion "1"]
[SourceVersionDate "2022.10.05"]
[SourceQuality "1"]

1. e4 Nc6 2. d4 e5 3. d5 Nce7 4. Nf3 Ng6 5. Nc3 Bc5 6. Bg5 Nf6 7. Qd2 h6 8. Be3 Bb4 9. Bd3 Ng4 10. a3 Be7 11. h3 Nxe3 12. fxe3 0-0 13. 0-0-0 a6 14. g4 b5 15. Ne2 c5 16. dxc6 dxc6 17. Ng3 Re8 18. Nf5 Bf8 19. h4 Qc7 20. h5 Bxf5 21. gxf5 Nh8 22. Rdg1 f6 23. Nh2 Nf7 24. Rg6 Ng5 25. Qg2 Kh7 26. Nf3 Bc5 27. Nxg5+ fxg5 28. Qf3 Rf8 29. Re1 Rf6 30. Re2 a5 31. Kd1 a4 32. Ke1 Qb6 33. c3 Rd8 34. Bc2 Qc7 35. Qf2 Qd6 36. Rd2 Qxd2+ 37. Qxd2 Rxd2 38. Kxd2 Kg8 39. Rxf6 gxf6 40. Bd1 Kf7 1/2-1/2

[Event "Pennant-chT"]
[Site "Adelaide"]
[Date "2009.09.29"]
[Round "3.1"]
[White "Kerr, Bill"]
[Black "Zulfic, Fedja"]
[Result "1-0"]
[WhiteElo "1903"]
[BlackElo "1901"]
[PlyCount "75"]
[EventDate "2009.09.15"]
[EventType "team-tourn"]
[EventRounds "7"]
[EventCountry "AUS"]
[SourceTitle "EXT 2023"]
[Source "ChessBase"]
[SourceDate "2022.10.05"]
[SourceVersion "1"]
[SourceVersionDate "2022.10.05"]
[SourceQuality "1"]

1. Nf3 c5 2. g3 Nc6 3. Bg2 g6 4. d3 Bg7 5. 0-0 e5 6. c4 Nge7 7. Nc3 0-0 8. Bd2 d6 9. a3 h6 10. Rb1 a5 11. Nd5 Nxd5 12. cxd5 Ne7 13. e4 f5 14. h3 g5 15. b4 b6 16. bxa5 bxa5 17. Bc3 Ng6 18. Nd2 f4 19. Kh2 Rf7 20. Bf3 Kh7 21. Nc4 Raa7 22. Rb8 Qc7 23. Rxc8 Qxc8 24. Nxd6 Qa6 25. Nxf7 Rxf7 26. Bg4 Ne7 27. Be2 Qf6 28. Qa4 f3 29. Bd1 h5 30. Bxa5 Bh6 31. Qe8 Ng6 32. Bd8 Qg7 33. Qc6 g4 34. hxg4 h4 35. g5 Nf4 36. gxf4 Bxg5 37. Bxg5 exf4 38. Qh6+ 1-0

[Event "Adelaide op"]
[Site "Adelaide"]
[Date "2009.09.01"]
[Round "8"]
[White "Kerr, Bill"]
[Black "Mdinaradze, Edgar"]
[Result "0-1"]
[WhiteElo "1966"]
[BlackElo "1931"]
[PlyCount "86"]
[EventDate "2009.07.14"]
[EventType "swiss"]
[EventRounds "9"]
[EventCountry "AUS"]
[SourceTitle "EXT 2023"]
[Source "ChessBase"]
[SourceDate "2022.10.05"]
[SourceVersion "1"]
[SourceVersionDate "2022.10.05"]
[SourceQuality "1"]

1. f4 Nf6 2. Nf3 c5 3. g3 Nc6 4. Bg2 g6 5. d3 d5 6. 0-0 Bg7 7. Qe1 0-0 8. h3 Qc7 9. Na3 a6 10. e4 e6 11. c3 b5 12. e5 Nd7 13. Be3 Bb7 14. Qf2 Ne7 15. g4 Rac8 16. Nc2 Nb6 17. Rae1 Rfd8 18. Kh1 Na4 19. Bc1 a5 20. d4 b4 21. cxb4 cxb4 22. Ne3 Ba6 23. Rg1 Bd3 24. Rd1 Bb1 25. Nd2 Bc2 26. Rde1 Qa7 27. Ndc4 dxc4 28. Qxc2 Nb6 29. f5 Ned5 30. Nxd5 Nxd5 31. Bg5 Rd7 32. Qf2 c3 33. bxc3 Nxc3 34. Be3 Nd5 35. Bxd5 Rxd5 36. Rc1 Rc3 37. Rxc3 bxc3 38. Rb1 Qa8 39. Kh2 Rd8 40. Qg2 Qc8 41. Qc2 Qc6 42. d5 Bxe5+ 43. Kg1 Qxd5 0-1

[Event "Adelaide Interclub-A"]
[Site "Adelaide"]
[Date "2009.05.26"]
[Round "4.1"]
[White "Kerr, Bill"]
[Black "Chapman, Mark"]
[Result "0-1"]
[WhiteElo "1894"]
[BlackElo "2290"]
[PlyCount "72"]
[EventDate "2009.05.05"]
[EventType "team-tourn"]
[EventRounds "9"]
[EventCountry "AUS"]
[SourceTitle "EXT 2023"]
[Source "ChessBase"]
[SourceDate "2022.10.05"]
[SourceVersion "1"]
[SourceVersionDate "2022.10.05"]
[SourceQuality "1"]

1. Nf3 d5 2. g3 Nf6 3. Bg2 c5 4. d3 Nc6 5. 0-0 e5 6. Nbd2 Be7 7. e4 d4 8. Nc4 Qc7 9. a4 Bg4 10. h3 Bh5 11. Bd2 Nd7 12. Qe1 0-0 13. Nh2 Nb4 14. Bxb4 cxb4 15. f4 f6 16. b3 b6 17. f5 a6 18. Qf2 b5 19. Nb2 Rfc8 20. Rfc1 Nc5 21. axb5 axb5 22. g4 Bf7 23. Nf3 Nxb3 24. cxb3 Qxc1+ 25. Rxc1 Rxc1+ 26. Kh2 Bxb3 27. Qg3 Ra2 28. g5 Rxb2 29. gxf6 Bxf6 30. Nxd4 Bf7 31. h4 h6 32. Nf3 Bh5 33. Nxe5 Rcc2 34. Kh3 Rxg2 35. Qf4 Bxe5 36. Qxe5 Bg4# 0-1

[Event "Adelaide Interclub-A"]
[Site "Adelaide"]
[Date "2009.05.05"]
[Round "1.1"]
[White "Mdinaradze, Edgar"]
[Black "Kerr, Bill"]
[Result "1-0"]
[WhiteElo "1853"]
[BlackElo "1894"]
[PlyCount "111"]
[EventDate "2009.05.05"]
[EventType "team-tourn"]
[EventRounds "9"]
[EventCountry "AUS"]
[SourceTitle "EXT 2023"]
[Source "ChessBase"]
[SourceDate "2022.10.05"]
[SourceVersion "1"]
[SourceVersionDate "2022.10.05"]
[SourceQuality "1"]

1. e4 Nc6 2. d4 d5 3. e5 Bf5 4. Nf3 e6 5. c3 Nge7 6. Nh4 Qd7 7. Nd2 Bg6 8. Bb5 a6 9. Be2 Nf5 10. Ndf3 Nxh4 11. Nxh4 Be4 12. b4 Be7 13. Nf3 0-0 14. Bf4 a5 15. b5 Na7 16. a4 c5 17. 0-0 Rfc8 18. Nd2 Bg6 19. Be3 f6 20. Nf3 c4 21. Nh4 Bf7 22. Nf3 Kh8 23. h3 Rg8 24. Nh2 Nc8 25. g4 fxe5 26. dxe5 Qc7 27. Bd4 Bc5 28. f4 Ne7 29. Nf3 Rgf8 30. Bxc5 Qxc5+ 31. Nd4 Bg8 32. Rf2 h6 33. Kg2 Rae8 34. Qd2 Ng6 35. Raf1 Bh7 36. Kg3 Qe7 37. Qe3 Rf7 38. Kh2 Ref8 39. Qg3 Re8 40. g5 hxg5 41. fxg5 Rxf2+ 42. Rxf2 Qc7 43. Bh5 Kg8 44. h4 Qe7 45. Bg4 Nf8 46. Bd1 Bd3 47. h5 Qa3 48. g6 Qxc3 49. Qf4 Bf5 50. Bg4 Qe1 51. Ne2 c3 52. Bxf5 exf5 53. Qxf5 Qxf2+ 54. Qxf2 Rc8 55. Qf7+ Kh8 56. h6 1-0